Le meilleur buteur de chaque sélection nationale - Statistiques

Statistiques générales
  • Ce quiz a été pris 302 fois
  • Le résultat moyen est 22 sur 211
Statistiques - réponses
Pays Buts Buteur % Correct
France 53 Olivier Giroud
93%
Argentine 104 Lionel Messi
90%
Portugal 127 Cristiano Ronaldo
87%
Brésil 79 Neymar Jr
84%
Angleterre 59 Harry Kane
80%
Belgique 78 Romelu Lukaku
74%
Cameroun 56 Samuel Eto'o
68%
Côte d'Ivoire 65 Didier Drogba
66%
Allemagne 71 Miroslav Klose
65%
Pologne 70 Robert Lewandowski
63%
Espagne 59 David Villa
62%
Chili 51 Alexis Sánchez
61%
Pays de Galles 40 Gareth Bale
59%
Gabon 30 Pierre-Emerick Aubameyang
55%
Uruguay 68 Luis Suárez
54%
Suède 62 Zlatan Ibrahimović
54%
Bosnie-Herzégovine 65 Edin Džeko
50%
Pays-Bas 50 Robin van Persie
49%
Sénégal 37 Sadio Mané
49%
Hongrie 84 Ferenc Puskás
46%
Colombie 36 Radamel Falcao
46%
Liberia 17 George Weah
43%
Algérie 43 Islam Slimani
43%
Ukraine 48 Andriy Chevtchenko
40%
Croatie 45 Davor Šuker
39%
États-Unis 57 Clint Dempsey / Landon Donovan
37%
Mexique 52 Javier Hernández
37%
Irlande 66 Robbie Keane
33%
Roumanie 35 Adrian Mutu / Gheorghe Hagi
30%
Australie 50 Tim Cahill
28%
Bulgarie 48 Dimitar Berbatov
26%
Équateur 38 Enner Valencia
26%
Finlande 36 Teemu Pukki
25%
Écosse 30 Denis Law / Kenny Dalglish
24%
Serbie 55 Aleksandar Mitrović
21%
Macédoine du Nord 38 Goran Pandev
21%
Slovaquie 26 Marek Hamšík
21%
Togo 32 Emmanuel Adebayor
19%
Niger 15 Victorien Adebayor
19%
Suisse 42 Alexander Frei
18%
Ghana 51 Asamoah Gyan
18%
Iran 109 Ali Daei
16%
Arménie 32 Henrikh Mkhitaryan
16%
Hong Kong 41 Chan Siu Ki
14%
Turquie 51 Hakan Şükür
13%
Nouvelle-Zélande 33 Chris Wood
12%
Tchéquie 55 Jan Koller
12%
Italie 35 Luigi Riva
11%
Mali 24 Seydou Keita
9%
Islande 26 Eiður Guðjohnsen / Kolbeinn Sigþórsson
7%
Israël 33 Eran Zahavi
7%
Luxembourg 16 Léon Mart
7%
Paraguay 32 Roque Santa Cruz
7%
Trinité-et-Tobago 65 Stern John
7%
Monténégro 31 Stevan Jovetić
7%
Somalie 3 Abdullahi Sheikh Mohamed
6%
Guatemala 68 Carlos Ruiz
6%
Égypte 66 Hossam Hassan
6%
Cuba 29 Léster Moré
6%
Pérou 38 Paolo Guerrero
6%
Afrique du Sud 32 Benedict McCarthy
5%
République démocratique du Congo 22 Dieumerci Mbokani
5%
Danemark 52 Poul Nielsen / Jon Dahl Tomasson
5%
Aruba 6 Ronald Gómez
5%
Kosovo 20 Vedat Muriqi
5%
Guinée 32 Ibrahima Kandia Diallo
4%
Japon 55 Kazuyoshi Miura
4%
Îles Vierges britanniques 5 Avondale Williams
3%
Nouvelle-Calédonie 23 Bertrand Kaï
3%
Canada 28 Cyle Larin
3%
Porto Rico 18 Héctor Ramos
3%
Andorre 11 Ildefons Lima
3%
Venezuela 40 Salomón Rondón
3%
Bénin 24 Stéphane Sessègnon
3%
Inde 84 Sunil Chhetri
3%
Slovénie 35 Zlatko Zahovič
3%
Russie 30 Aleksandr Kerjakov / Artyom Dziouba
2%
Autriche 44 Anton Polster
2%
Honduras 56 Carlos Pavón
2%
Corée du Sud 56 Cha Bum-geun
2%
Kenya 34 Dennis Oliech
2%
Irak 65 Hussein Saeed
2%
Bolivie 31 Marcelo Moreno
2%
Maldives 55 Ali Ashfaq
1%
Émirats arabes unis 80 Ali Mabkhout
1%
Koweït 75 Bashar Abdullah
1%
Antigua-et-Barbuda 59 Derrick Edwards
1%
Sainte-Lucie 19 Earl Jean
1%
Guinée équatoriale 13 Emilio Nsue
1%
Albanie 18 Erjon Bogdani
1%
Angola 39 Fabrice Akwa
1%
Singapour 51 Fandi Ahmad
1%
Afghanistan 10 Faysal Shayesteh
1%
Zambie 75 Godfrey Chitalu
1%
Guyana 17 Gregory Richardson
1%
Azerbaïdjan 14 Gurban Gurbanov
1%
Chine 41 Hao Haidong
1%
Cap-Vert 15 Héldon
1%
Tunisie 36 Issam Jemâa
1%
Thaïlande 71 Kiatisak Senamueang
1%
Malawi 66 Kinnah Phiri
1%
Curacao 15 Leandro Bacuna
1%
Bahamas 10 Lesly St. Fleur
1%
Gibraltar 5 Liam Walker
1%
Jamaïque 29 Luton Shelton
1%
Arabie Saoudite 72 Majed Abdullah
1%
Lettonie 28 Māris Verpakovskis
1%
Malte 42 Michael Mifsud
1%
Chypre 32 Michális Konstantínou
1%
Sierra Leone 8 Mohamed Kallon
1%
Malaisie 85 Mokhtar Dahari
1%
Qatar 41 Mubarak Mustafa
1%
Grèce 29 Níkos Anastópoulos
1%
Madagascar 14 Paulin Voavy
1%
Samoa américaines 3 Ramin Ott
1%
Nigéria 37 Rashidi Yekini
1%
Anguilla 5 Richard O'Connor
1%
Costa Rica 47 Rolando Fonseca
1%
Fidji 29 Roy Krishna
1%
Maroc 27 Salaheddine Bassir
1%
Bruneï 8 Shah Razen Said
1%
Saint-Vincent-et-les-Grenadines 33 Shandel Samuel
1%
Géorgie 26 Shota Arveladze
1%
Tahiti 24 Teaonui Tehau
1%
Congo 15 Thievy Bifouma
1%
Tonga 7 Unaloto Feao
1%
Libye 35 Ali Al-Biski
0%
Yémen 29 Ali Al-Nono
0%
Estonie 38 Andres Oper
0%
Saint-Marin 8 Andy Selva
0%
Bangladesh 17 Ashrafuddin Chunnu
0%
Indonésie 37 Bambang Pamungkas
0%
Îles Salomon 29 Benjamin Totori
0%
Érythrée 5 Berhane Aregai / Yonas Fesehaye / Yidnekachew Shimangus
0%
Mauritanie 12 Bessam
0%
Îles Turques-et-Caïques 10 Billy Forbes
0%
Macao 17 Chan Kin Seng
0%
Bhoutan 12 Chencho Gyeltshen
0%
Taïwan 25 Chen Po-liang
0%
Guinée Bissau 6 Cícero Semedo
0%
Maurice 13 Dany Imbert
0%
Irlande du Nord 36 David Healy
0%
Belize 27 Deon McCaulay
0%
Samoa 9 Desmond Fa'aiuaso
0%
Gambie 21 Ebrima Ebou Sillah
0%
Comores 17 El Fardou Ben Nabouhane
0%
Ouganda 28 Emmanuel Okwi
0%
Haïti 37 Emmanuel Sanon
0%
Tchad 14 Ézéchiel Ndouassel
0%
Palestine 16 Fahed Attal
0%
Eswatini 15 Felix Badenhorst
0%
Syrie 36 Firas Al-Khatib
0%
Burundi 19 Fiston Abdul Razak
0%
Éthiopie 33 Getaneh Kebede
0%
Oman 43 Hani Al-Dhabit
0%
Jordanie 30 Hassan Abdel Fattah
0%
Liban 21 Hassan Maatouk
0%
République Centrafricaine 10 Hilaire Momi
0%
Cambodge 20 Hok Sochetra
0%
Moldavie 12 Ion Nicolaescu
0%
Bahreïn 47 Ismaeel Abdullatif
0%
Soudan du Sud 6 James Joseph Moga
0%
Îles Vierges des États-Unis 3 Jamie Browne
0%
Guam 18 Jason Cunliffe
0%
Botswana 24 Jerome Ramatlhakwane
0%
République Dominicaine 24 Jonathan Faña
0%
Corée du Nord 26 Jong Il-gwan
0%
Norvège 33 Jørgen Juve
0%
Nicaragua 23 Juan Barrera
0%
Sri Lanka 27 Kasun Jayasuriya
0%
Saint-Christophe-et-Niéves 24 Keith Gumbs
0%
Dominique 14 Kurlson Benjamin
0%
Viêt Nam 48 Lê Công Vinh
0%
Îles Caïmans 12 Lee Ramoon
0%
Barbade 23 Llewellyn Riley
0%
Sao Tomé-et-Principe 10 Luís Leal
0%
Panama 43 Luis Tejada
0%
Montserrat 10 Lyle Taylor
0%
Djibouti 6 Mahdi Houssein Mahabeh
0%
Ouzbékistan 34 Maksim Chatskikh
0%
Biélorussie 20 Maksim Romaschenko
0%
Tadjikistan 20 Manuchekhr Dzhalilov
0%
Liechtenstein 16 Mario Frick
0%
Kirghizistan 14 Mirlan Murzaev
0%
Burkina Faso 34 Moumouni Dagano
0%
Tanzanie 24 Mrisho Ngasa
0%
Pakistan 11 Muhammad Essa
0%
Myanmar 36 Myo Hhlaing Win
0%
Soudan 27 Nasr El-Deen Abbas
0%
Népal 13 Nirajan Rayamajhi / Hari Khadka
0%
Mongolie 8 Nyam-Osor Naranbold
0%
Rwanda 21 Olivier Karekezi
0%
Zimbabwe 37 Peter Ndlovu
0%
Seychelles 14 Philip Zialor
0%
Philippines 52 Phil Younghusband
0%
Salvador 39 Raúl Díaz Arce
0%
Papouasie-Nouvelle-Guinée 13 Reggie Davani
0%
Vanuatu 20 Richard Iwai
0%
Grenade 32 Ricky Charles
0%
Îles Féroé 10 Rógvi Jacobsen
0%
Namibie 13 Rudolf Bester
0%
Timor Oriental 7 Rufino Gama
0%
Kazakhstan 13 Ruslan Baltiev
0%
Lesotho 10 Sera Motebang
0%
Bermudes 20 Shaun Goater
0%
Suriname 14 Stefano Rijssel
0%
Îles Cook 6 Taylor Saghabi
0%
Mozambique 30 Tico-Tico
0%
Lituanie 19 Tomas Danilevičius
0%
Laos 18 Visay Phaphouvanin
0%
Turkménistan 16 Wladimir Baýramow
0%
Aucun quiz correspondant
Distribution des résultats
% des personnes avec chaque résultat
Percentile par nombre de réponses
Votre historique - résultats
Vous n’avez pas pris ce quiz